Score 0/16 Timer 05:00
2 Plays Today
Grid Character % Correct
John 'J.D.' Dorian
98.4%
Christopher Turk
96.3%
The Janitor
95.8%
Elliot Reid
93.1%
Carla Espinosa
91%
Perry Ulysses Cox
90.8%
Robert 'Bob' Kelso
89.6%
Todd 'The Todd' Quinlan
86%
Grid Character % Correct
Ted Buckland
84%
Laverne Roberts
72.8%
Jordan Sullivan
72.5%
Keith Dudemeister
62%
Jack Cox
61%
Doug Murphy
56.7%
Sean Kelly
52.7%
Ben Sullivan
51%
Remove Ads.
Support Sporcle.
Get the best of Sporcle when you Go Orange. This ad-free experience offers more features, more stats, and more fun while also helping to support Sporcle. Thank you for becoming a member.

You're not logged in!

Compare scores with friends on all Sporcle quizzes.
OR
Log In

Sporcle TV

Today on Sporcle TV


Watch our educational content, quiz creation guides, and fun videos on Sporcle TV.

Show Comments

Extras

Top Quizzes Today


Score Distribution

Paid Content

Your Account Isn't Verified!

In order to create a playlist on Sporcle, you need to verify the email address you used during registration. Go to your Sporcle Settings to finish the process.

Report this User

Report this user for behavior that violates our Community Guidelines.

Details: